00257nam a2200097Ia 4500008004100000082001400041100002100055245004500076260001800121600002000139241002s9999 xx 000 0 und d a380.1 JOH aJohson, Harry G. 0aNew Trade Strategy For The World Economy aLondon:c1969 aSocial Sciences